Inseln: Nordsee oder Ostsee? - Statistiken

Allgemein
  • Dieses Quiz wurde 288 mal gespielt
  • Das Durchschnittsergebnis liegt bei 15 aus 20
Antwortstatistiken
Hint Antwort % Korrekt
Norderney Nordsee
91%
Spiekeroog Nordsee
91%
Helgoland Nordsee
88%
Baltrum Nordsee
86%
Amrum Nordsee
85%
Rügen Ostsee
85%
Usedom Ostsee
85%
Ameland Nordsee
77%
Texel Nordsee
74%
Pellworm Nordsee
72%
Bornholm Ostsee
71%
Öland Ostsee
70%
Fehmarn Ostsee
69%
Gotland Ostsee
69%
Fasta Åland Ostsee
67%
Lolland Ostsee
66%
Ösel Ostsee
64%
Møn Ostsee
57%
Rømø Nordsee
49%
Lindisfarne Nordsee
40%
Keine übereinstimmenden Quizze gefunden
Verteilung der Resultate
Anzahl Personen mit jedem Resultat
Perzentil nach korrekt beantworteten Fragen
Ihre Resultats-Entwicklung
Sie haben dieses Quiz noch nicht gespielt